00310cam a22000977a 4500008004000000082001500040245007300055260005300128300001100181700002000192180718b1973 xxu||||| |||| 00| 0 eng d aA75 M264RA aMadhya Pradesh district gazetteers: Raipurcedited by Rajendra Verma aBhopalbMadhya Pradesh District Gazetteersc1973 a691+p. aVerma, Rajendra